| Tag |
First Indicator |
Second Indicator |
Subfields |
| LEADER |
00000cam a2200000 a 4500 |
| 001 |
in00001385513 |
| 005 |
20151020050825.0 |
| 008 |
930119t19921991enk 000 1 eng d |
| 010 |
|
|
|a gb 93005700
|
| 015 |
|
|
|a GB93-5700
|
| 019 |
|
|
|a 28837787
|
| 020 |
|
|
|a 0002711230 (pbk) :
|c £7.99
|
| 035 |
|
|
|a (OCoLC)27380190
|
| 035 |
|
|
|9 AHL6111AM
|
| 040 |
|
|
|a UKM
|c UKM
|d IUL
|d TXA
|d UtOrBLW
|
| 041 |
1 |
|
|a eng
|h ger
|
| 049 |
|
|
|a TXAM
|
| 082 |
0 |
4 |
|a 833.912
|a F
|2 20
|
| 090 |
|
|
|a PT2631.E5
|b W6413 1992
|
| 100 |
1 |
|
|a Perutz, Leo,
|d 1882-1957.
|
| 240 |
1 |
0 |
|a Wohin rollst du, Äpfelchen?
|l English
|
| 245 |
1 |
0 |
|a Little apple /
|c Leo Perutz ; translated from the German by John Brownjohn.
|
| 264 |
|
1 |
|a London :
|b Harvill,
|c 1992
|
| 264 |
|
4 |
|c ©1991
|
| 300 |
|
|
|a 199 pages ;
|c 22 cm.
|
| 336 |
|
|
|a text
|b txt
|2 rdacontent
|
| 337 |
|
|
|a unmediated
|b n
|2 rdamedia
|
| 338 |
|
|
|a volume
|b nc
|2 rdacarrier
|
| 500 |
|
|
|a Translation of: Wohin rollst du, Äpfelchen.
|
| 653 |
0 |
|
|a German fiction
|
| 653 |
0 |
|
|a Austria
|
| 999 |
|
|
|a MARS
|
| 999 |
f |
f |
|s fe33e737-b8ae-3055-9975-56245b7ff2ec
|i 0f214df5-bc22-33e8-83f5-d3facced236a
|t 0
|
| 952 |
f |
f |
|p ric
|a Texas A&M University
|b Rellis Campus
|c Joint Library Facility
|d Remote Storage
|t 0
|e PT2631.E5 W6413 1992
|h Library of Congress classification
|i unmediated -- volume
|m A14821602408
|
| 998 |
f |
f |
|a PT2631.E5 W6413 1992
|t 0
|l Remote Storage
|